Letter from the Acting Secretary of the Interior, in response to Senate resolution of December 13, 1894, transmitting information concerning the survey of the Klamath Indian Reservation, in Oregon, etc.

Bibliographic Details
Corporate Authors: United States. Congress. Senate. Committee on Indian Affairs, ProQuest (Firm)
Format: eBook
Language:English
Published: Washington : [publisher not identified], 1895.
Series:United States congressional serial set.
Subjects:
Online Access:Connect to the full text of this electronic book

MARC

Tag First Indicator Second Indicator Subfields
LEADER 00000cam a22000001a 4500
001 in00002941021
005 20190401193253.0
006 m o d
007 cr un mmmapmmp
008 061130s1895 dcub o f000 0 eng d
035 |a cis2004024805 
040 |a UMI  |c UMI  |d UtOrBLW 
043 |a n-us--- 
099 |a ProQuest Serial Set Number 3279 S.exdoc.62 
110 1 |a United States.  |b Congress.  |b Senate.  |b Committee on Indian Affairs. 
245 1 0 |a Letter from the Acting Secretary of the Interior, in response to Senate resolution of December 13, 1894, transmitting information concerning the survey of the Klamath Indian Reservation, in Oregon, etc. 
246 1 |a Information on survey of Klamath Indian Reservation, Oregon 
264 1 |a Washington :  |b [publisher not identified],  |c 1895. 
300 |a 1 online resource. 
336 |a text  |b txt  |2 rdacontent 
337 |a computer  |b c  |2 rdamedia 
338 |a online resource  |b cr  |2 rdacarrier 
490 0 |a S.exdoc.62 
500 |a Record is based on bibliographic data in ProQuest U.S. Serial Set Digital Collection (last viewed Nov. 2006). Reuse except for individual research requires license from ProQuest, LLC. 
510 3 |a ProQuest U.S. Serial Set Digital Collection 
500 |a Electronic resource. 
650 0 |a Topographical surveying. 
650 0 |a Maps. 
651 0 |a Klamath Indian Reservation (Or.) 
655 7 |a Electronic books.  |2 local 
710 2 |a ProQuest (Firm) 
830 0 |a United States congressional serial set. 
856 4 0 |u http://proxy.library.tamu.edu/login?url=http://congressional.proquest.com/congcomp/getdoc?SERIAL-SET-ID=3279+S.exdoc.62  |z Connect to the full text of this electronic book  |t 0 
999 |a MARS 
999 f f |s e7552bd8-27e2-37b7-be7e-10e34c1a19ed  |i e4fdcf7c-f326-39d7-88c1-9ad0f85fa4b2  |t 0 
952 f f |a Texas A&M University  |b College Station  |c Electronic Resources  |d Available Online  |t 0  |e ProQuest Serial Set Number 3279 S.exdoc.62  |h Other scheme 
998 f f |a ProQuest Serial Set Number 3279 S.exdoc.62  |t 0  |l Available Online